|
|
|
|
| LEADER |
00000nam a2200000Ii 4500 |
| 001 |
DIGCATEDRL0030 |
| 003 |
NyNyDIG |
| 008 |
230708s2020 sp o 000 f spa d |
| 006 |
m o d |
| 007 |
cr ||||||||||| |
| 035 |
|
|
|a (OCoLC)1390760938
|
| 040 |
|
|
|a DGITA
|b eng
|e rda
|e pn
|c DGITA
|
| 020 |
|
|
|a 9788418059292
|q eBook
|
| 020 |
|
|
|z 9788418059285
|
| 041 |
0 |
|
|a spa
|h eng
|
| 050 |
1 |
4 |
|a PR6063.A884 ebook
|
| 100 |
1 |
|
|a May, Peter,
|d 1951-
|e author.
|
| 240 |
1 |
0 |
|a Lockdown.
|l Spanish
|s (Díez Pérez)
|
| 245 |
1 |
0 |
|a Enemigo invisible /
|c Peter May ; traducción de María José Díez Pérez.
|
| 250 |
|
|
|a Primera edición digital.
|
| 264 |
|
1 |
|a Barcelona :
|b Catedral,
|c [2020]
|
| 300 |
|
|
|a 1 online resource.
|
| 336 |
|
|
|a text
|b txt
|2 rdacontent
|
| 337 |
|
|
|a computer
|b c
|2 rdamedia
|
| 338 |
|
|
|a online resource
|b cr
|2 rdacarrier
|
| 347 |
|
|
|a text file
|2 rdaft
|
| 347 |
|
|
|b EPUB
|
| 490 |
1 |
|
|a Catedral Noir
|
| 588 |
0 |
|
|a Online resource; title from ePub title page (Digitalia, viewed July 8, 2023)
|
| 650 |
|
0 |
|a Murder
|x Investigation
|v Fiction.
|
| 650 |
|
0 |
|a Epidemics
|v Fiction.
|
| 655 |
|
7 |
|a Fiction.
|2 lcgft
|
| 655 |
|
7 |
|a Detective and mystery fiction.
|2 lcgft
|
| 700 |
1 |
|
|a Díez Pérez, Ma. José,
|q (María José)
|e translator.
|
| 700 |
1 |
|
|i Translation of:
|a May, Peter,
|d 1951-
|t Lockdown.
|
| 776 |
0 |
8 |
|i Print version:
|a May, Peter, 1951-
|s Lockdown. Spanish (Díez Pérez).
|t Enemigo invisible.
|b Primera edición.
|d Barcelona : Catedral, [2020]
|z 9788418059285
|
| 791 |
2 |
|
|a Digitalia (Firm),
|e distributor.
|
| 793 |
0 |
|
|g Digitalia eBook Collection:
|a Catedral
|
| 830 |
|
0 |
|a Catedral Noir.
|
| 856 |
4 |
0 |
|u https://digitalia.uam.elogim.com/a/81227/
|z Texto completo
|
| 910 |
|
|
|a Premium collection: 2023
|